| 000 | 00642nam a2200205Ia 4500 | ||
|---|---|---|---|
| 005 | 20250508162839.0 | ||
| 008 | 008 250505s9999 xx 000 0 eng d | ||
| 020 | _a81-7022-447-0 | ||
| 037 | _aTextual | ||
| 040 |
_aFEDL _beng _cFEDL |
||
| 041 |
_aeng _2eng |
||
| 084 |
_a378.54, GUP _qFEDL |
||
| 100 | _aGupta O P | ||
| 245 | 0 | _aHigher education in India since Independence UGC and its approach | |
| 260 |
_aNew Delhi, India _bConcept Publishing Company _c1947 |
||
| 300 | _a312p | ||
| 490 | _aConcepts in communication informatics and librarianship; 42 | ||
| 942 |
_cTEXL _h378.54, GUP |
||
| 999 |
_c1379022 _d1379022 |
||